| 000 | 01457cam a2200337 a 4500 | ||
|---|---|---|---|
| 999 |
_c41354 _d41354 |
||
| 001 | 13057223 | ||
| 003 | OSt | ||
| 005 | 20210818111136.0 | ||
| 008 | 030114s2004 maua b 001 0 eng | ||
| 010 | _a 2003042019 | ||
| 020 | _a0072820306 (hbk. : alk. paper) | ||
| 020 | _a9780070586918 | ||
| 040 |
_aDLC _cDLC _dDLC |
||
| 050 | 0 | 0 |
_aBF713 _b.P35 2004 |
| 082 | 0 | 0 |
_a155 _221 _bPAP/H |
| 100 | 1 |
_aPapalia, Diane E. _98668 |
|
| 245 | 1 | 0 |
_aHuman development / _cDiane E. Papalia, Sally Wendkos Olds, Ruth Duskin Feldman ; in consultation with Dana Gross. |
| 250 | _a9th ed. | ||
| 260 |
_aBoston : _bMcGraw-Hill, _cc2004. |
||
| 300 |
_a1 v. (various pagings) : _bill. (some col.) _c29 cm. + |
||
| 500 | _aAccompanied by student CD-ROM. | ||
| 504 | _aIncludes bibliographical references (p. B1-B82) and indexes. | ||
| 538 | _aSystem requirements for accompanying CD-ROM: Windows 98 or higher, or Mac OS 8.6 or higher, with 48MB RAM, 4X CD-ROM drive, Netscape Navigator 5.x or higer, Microsoft Internet Explorer 5.1 or higher, IE Browser included. | ||
| 650 | 0 | _aDevelopmental psychology. | |
| 650 | 0 | _aDevelopmental psychobiology. | |
| 700 | 1 | _aOlds, Sally Wendkos. | |
| 700 | 1 | _aFeldman, Ruth Duskin. | |
| 906 |
_a7 _bcbc _corignew _d1 _eocip _f20 _gy-gencatlg |
||
| 942 |
_2ddc _cBK _h155 _iPAP/H _k155 _mPAP/H |
||